Vista normal
Vista MARC
Entrada Personal Name
Número de registros utilizados en: 1
001 - CONTROL NUMBER
- control field: 59311
003 - CONTROL NUMBER IDENTIFIER
- control field: OSt
005 - DATE AND TIME OF LATEST TRANSACTION
- control field: 20250307160426.0
008 - FIXED-LENGTH DATA ELEMENTS
- fixed length control field: 250307|| aca||aabn | a|a d
040 ## - CATALOGING SOURCE
- Original cataloging agency: OSt
- Transcribing agency: OSt
100 ## - HEADING--PERSONAL NAME
- Personal name: Bechara Navratilova, Eduardo
- Dates associated with a name: selección
670 ## - SOURCE DATA FOUND
- Source citation: Work cat.: (OSt)57051: Yezzed, Fredy, 1979- , autor 59302, Yo vengo a ofrecer mi poema